On the REIT track (Record no. 83816)

MARC details
000 -LEADER
fixed length control field 00788cam a22002055a 4500
001 - CONTROL NUMBER
control field L155117
008 - FIXED-LENGTH DATA ELEMENTS--GENERAL INFORMATION
fixed length control field 120302e2012 xxk 000 0 eng d
035 ## - SYSTEM CONTROL NUMBER
System control number (Sirsi) u155117
041 0# - LANGUAGE CODE
Language code of text/sound track or separate title eng
100 1# - MAIN ENTRY--PERSONAL NAME
Personal name Hughes, Gawain
245 00 - TITLE STATEMENT
Title On the REIT track
260 ## - PUBLICATION, DISTRIBUTION, ETC.
Date of publication, distribution, etc. 2012
490 ## - SERIES STATEMENT
Series statement Estates Gazette
Volume/sequential designation (1208) 25 February 2012, 90-92(3)
520 ## - SUMMARY, ETC.
Summary, etc. Considers the pros and cons of proposed changes to Real Estate Investment Trusts (REITS) in the UK which are due to be introduced by the Finance Bill 2012 which is expected to receive Royal Assent in July 2012. The proposals include abolition of entry charge and relaxation of the listing requirement,
590 ## - LOCAL NOTE (RLIN)
Local note KA
651 #4 - SUBJECT ADDED ENTRY--GEOGRAPHIC NAME
Geographic name UNITED KINGDOM
690 ## - LOCAL SUBJECT ADDED ENTRY--TOPICAL TERM (OCLC, RLIN)
Topical term or geographic name as entry element Investments
9 (RLIN) 6250
700 1# - ADDED ENTRY--PERSONAL NAME
Personal name Veymeylen, Charles
942 ## - ADDED ENTRY ELEMENTS (KOHA)
Suppress in OPAC 0
Holdings
Withdrawn status Lost status Source of classification or shelving scheme Damaged status Not for loan Home library Current library Shelving location Date acquired Total Checkouts Full call number Barcode Date last seen Copy number Price effective from Koha item type
    Dewey Decimal Classification     London London Journal article 02/03/2012   L155117 155117-1001 06/08/2019 1 06/08/2019 Journal article